Gramática castellana: sugerencias en torno a problemas morfo-sintácticos

Sábháilte in:
Sonraí bibleagrafaíochta
Príomhchruthaitheoir: Guerrero Guerrero, Roberto (Údar)
Formáid: LEABHAR
Teanga:Spáinnis
Foilsithe / Cruthaithe: Santiago Renacimiento 1980
Sraith:Textos de Estudios
Ábhair:
Clibeanna: Cuir clib leis
Níl clibeanna ann, Bí ar an gcéad duine le clib a chur leis an taifead seo!

MARC

LEADER 00000nam a2200000 a 4500
001 UCI0079
003 CL-VaPUC
008 070420e19800000CL |||||||||||||||||spa|d
082 0 4 |a 465  |b GUE  |2 21 
100 0 |a Guerrero Guerrero, Roberto  |e author  |9 520168 
245 1 0 |a Gramática castellana: sugerencias en torno a problemas morfo-sintácticos 
300 |a 163 p 
942 |c BK 
945 |d 20070420 00:00:00  |a jtorresc 
260 |a Santiago  |b Renacimiento  |c 1980 
650 0 |a Gramática española  |9 403055 
650 0 |a Morfología  |9 334440 
583 |a last modification  |c 20130304 02:29:27  |k Rodrigo Vera 
490 0 |a Textos de Estudios 
999 |c 325370  |d 325368 
952 |0 0  |1 0  |4 0  |6 465_000000000000000_GUE_1980  |7 0  |8 A  |9 406124  |a FDOPOS  |b FDOPOS  |d 2019-11-22  |i 4274342  |o 465 GUE 1980  |p 4274342  |r 2025-01-22  |w 2019-11-22  |y BK  |k MLA